[Event "GER-ch U10"]
[Site "Oberhof"]
[Date "2012.05.30"]
[Round "7"]
[White "Grey, Andrea"]
[Black "Demme, Miriam"]
[Result "0-1"]
[WhiteElo "855"]
[BlackElo "1207"]
[PlyCount "108"]
[EventDate "2012.05.27"]
[EventType "swiss"]
[EventRounds "11"]
[EventCountry "GER"]
[SourceTitle "CBM 148 Extra"]
[Source "ChessBase"]
[SourceDate "2012.06.22"]
[SourceVersion "1"]
[SourceVersionDate "2012.06.22"]
[SourceQuality "1"]

1. e4 c5 2. Nf3 d6 3. d4 cxd4 4. Nxd4 Nf6 5. Nc3 g6 6. Bc4 Bg7 7. Be3 0-0 8. Qd2 Ng4 9. 0-0-0 Nxe3 10. Qxe3 Nc6 11. Nxc6 bxc6 12. h3 Bd7 13. g4 c5 14. f4 e6 15. Rxd6 Re8 16. Rhd1 Re7 17. Qd3 Bd4 18. Bb5 Qc7 19. Rxd7 Rxd7 20. Bxd7 Qxd7 21. e5 Rd8 22. a3 Qb7 23. Qb5 Be3+ 24. Kb1 Rxd1+ 25. Ka2 Qxb5 26. Nxb5 Bxf4 27. Nxa7 Bxe5 28. Nc6 Bf4 29. a4 e5 30. a5 Rd6 31. Nxe5 Bxe5 32. Kb3 Ra6 33. Ka4 Bxb2 34. Kb5 Ra8 35. a6 f5 36. Kb6 f4 37. a7 Rxa7 38. Kxa7 f3 39. Kb6 f2 40. Kxc5 f1Q 41. h4 Qf2+ 42. Kc4 Qxc2+ 43. Kd5 Qg2+ 44. Kc4 Qxg4+ 45. Kb3 Qxh4 46. Kxb2 Qh3 47. Kc2 g5 48. Kd2 Qf3 49. Kc2 g4 50. Kd2 g3 51. Kc2 g2 52. Kd2 g1R 53. Kc2 Rg2+ 54. Kc1 Qf1# 0-1

[Event "GER-ch U10"]
[Site "Oberhof"]
[Date "2011.06.12"]
[Round "2"]
[White "Reuker, Ronja"]
[Black "Demme, Miriam"]
[Result "0-1"]
[WhiteElo "730"]
[BlackElo "1086"]
[PlyCount "110"]
[EventDate "2011.06.11"]
[EventType "swiss"]
[EventRounds "11"]
[EventCountry "GER"]
[SourceTitle "CBM 142 Extra"]
[Source "ChessBase"]
[SourceDate "2011.06.27"]
[SourceVersion "1"]
[SourceVersionDate "2011.06.27"]
[SourceQuality "1"]

1. e4 c5 2. d4 cxd4 3. Qxd4 Nc6 4. Qd1 Nf6 5. Nc3 g6 6. Bc4 Bg7 7. Nf3 d6 8. Be3 0-0 9. 0-0 Be6 10. Bxe6 fxe6 11. Ng5 Qd7 12. Ne2 h6 13. Nf3 Nxe4 14. Rb1 e5 15. Qd3 d5 16. Nh4 Qd6 17. f3 Nc5 18. Qxg6 Rf6 19. Qg4 e4 20. f4 d4 21. Bxd4 Nxd4 22. Nxd4 Qxd4+ 23. Rf2 Raf8 24. Rd1 Qe3 25. Qe2 Qxe2 26. Rxe2 Rxf4 27. Ng6 e3 28. Nxf4 Rxf4 29. Rxe3 Bd4 30. Rxd4 Rxd4 31. Rxe7 Rd1+ 32. Kf2 Rd2+ 33. Re2 Ne4+ 34. Ke3 Rxe2+ 35. Kxe2 Nc5 36. b4 Na4 37. Kd2 Kf7 38. c3 Ke6 39. c4 Kd6 40. Kd3 Kc6 41. b5+ Kc5 42. g3 Nb6 43. g4 Nxc4 44. g5 hxg5 45. h3 Kxb5 46. Kc3 Kc5 47. Kb3 a5 48. a4 b5 49. axb5 Kxb5 50. Ka2 a4 51. Ka1 a3 52. Kb1 Ne5 53. Ka2 Kb4 54. Ka1 Ng6 55. Ka2 Nf4 0-1

[Event "Sachsen-ch U12 Girls"]
[Site "Sebnitz"]
[Date "2011.04.28"]
[Round "4"]
[White "Cozma, Patricia"]
[Black "Demme, Miriam"]
[Result "0-1"]
[WhiteElo "1053"]
[BlackElo "945"]
[PlyCount "140"]
[EventDate "2011.04.26"]
[EventType "swiss"]
[EventRounds "7"]
[EventCountry "GER"]
[SourceTitle "EXT 2012"]
[Source "ChessBase"]
[SourceDate "2011.11.24"]
[SourceVersion "1"]
[SourceVersionDate "2011.11.24"]
[SourceQuality "1"]

1. e4 c5 2. Nf3 d6 3. Bc4 Nc6 4. Nc3 Nf6 5. d3 g6 6. 0-0 Bg7 7. Bg5 0-0 8. Re1 Bg4 9. h3 Bxf3 10. Qxf3 Nd4 11. Qd1 a5 12. e5 dxe5 13. Rxe5 b6 14. Nd5 e6 15. Nxf6+ Bxf6 16. Re4 Bxg5 17. c3 b5 18. cxd4 bxc4 19. dxc4 cxd4 20. Rxd4 Qb6 21. Rd6 Qxb2 22. Qe1 Bf4 23. Rd7 Rad8 24. Rad1 Bg5 25. c5 Qb5 26. Rc7 Bf4 27. Re7 Qxc5 28. g3 Bxg3 29. Kg2 Bh4 30. Rb7 Rxd1 31. Qxd1 Qxf2+ 32. Kh1 Rd8 33. Rd7 Rxd7 34. Qxd7 Bg3 35. Qc8+ Kg7 36. Qc3+ Kh6 37. Qc1+ g5 38. Qg1 Qxg1+ 39. Kxg1 Kh5 40. Kg2 Kh4 41. a3 g4 42. hxg4 e5 43. g5 e4 44. g6 fxg6 45. a4 Bh2 46. Kf2 Kg4 47. Ke3 Bf4+ 48. Kxe4 Kh4 49. Kxf4 g5+ 50. Kf3 g4+ 51. Kg2 Kg5 52. Kg3 Kf6 53. Kxg4 Ke5 54. Kf3 Kd5 55. Ke3 h5 56. Kf3 Kc5 57. Kg3 Kb4 58. Kh4 Kxa4 59. Kxh5 Kb4 60. Kh4 a4 61. Kh5 a3 62. Kh4 a2 63. Kh5 a1Q 64. Kh4 Qg1 65. Kh5 Kc4 66. Kh4 Kd4 67. Kh5 Ke4 68. Kh4 Kf5 69. Kh3 Kf4 70. Kh4 Qg4# 0-1